[Event "DEM U12/U12w 2000"]
[Site "Überlingen GER"]
[Date "2000.06.04"]
[Round "1"]
[White "Roj, Michaela"]
[Black "Armbrust, Florian"]
[Result "0-1"]
[Termination "normal"]
[Board "4"]
[WhiteElo "1028"]
[BlackElo "1747"]
[PlyCount "96"]
[BlackFideId "4691350"]
[EventCountry "GER"]
[EventRounds "11"]
[EventType "swiss"]
[EventDate "2000.06.03"]

1. e4 c5 2. Nf3 d6 3. Nc3 Nf6 4. Bc4 g6 5. O-O Bg7 6. d3 O-O 7. Ng5 Nc6 8. Bf4
h6 9. Nf3 a6 10. e5 Nh5 11. Qd2 Nxf4 12. Qxf4 Nxe5 13. Nxe5 dxe5 14. Qe3 Qd4
15. Qxd4 exd4 16. Nd5 e6 17. Nb6 Rb8 18. c3 dxc3 19. bxc3 Bxc3 20. Rab1 Ba5 21.
Na4 b5 22. Nxc5 Bb6 23. Ne4 bxc4 24. dxc4 f5 25. Nd2 Bd7 26. Rfd1 Rfd8 27. Rdc1
Bc6 28. Nb3 Be4 29. Ra1 a5 30. c5 Bc7 31. Re1 a4 32. Nc1 Be5 33. Ne2 Bxa1 34.
Rxa1 Rb2 35. Nf4 Rxa2 36. Rc1 Rdd2 37. Nh3 a3 38. Kf1 Bd3+ 39. Kg1 Rab2 40. Nf4
Be4 41. h3 a2 42. f3 Rb1 43. Rxb1 axb1=Q+ 44. Kh2 Bxf3 45. Kg3 Qe1+ 46. Kh2
Rxg2+ 47. Nxg2 Qf2 48. Kh1 Qxg2# 0-1

[Event "DEM U12/U12w 2000"]
[Site "Überlingen GER"]
[Date "2000.06.04"]
[Round "1"]
[White "Dück, Stefan"]
[Black "Schneider, Christian"]
[Result "0-1"]
[Termination "normal"]
[Board "5"]
[WhiteElo "1740"]
[BlackElo "1028"]
[PlyCount "120"]
[WhiteFideId "4681355"]
[BlackFideId "24613886"]
[EventCountry "GER"]
[EventRounds "11"]
[EventType "swiss"]
[EventDate "2000.06.03"]

1. e4 c6 2. d4 d5 3. exd5 cxd5 4. c4 dxc4 5. Bxc4 e6 6. Nf3 Nf6 7. O-O Nbd7 8.
Nc3 Be7 9. d5 exd5 10. Nxd5 O-O 11. Nxe7+ Qxe7 12. Qc2 Ne5 13. Nxe5 Qxe5 14.
Bd2 Bf5 15. Qb3 Ng4 16. Qg3 Qxg3 17. fxg3 Bg6 18. Rfe1 Rac8 19. Bb3 Rfe8 20.
Bc3 b6 21. Rad1 h6 22. Rxe8+ Rxe8 23. Re1 Rxe1+ 24. Bxe1 Be4 25. Bd1 Ne3 26.
Bf3 Bxf3 27. gxf3 a6 28. Bd2 Nc4 29. Bc3 g6 30. Kf2 f5 31. Ke2 Kf7 32. Kd3 Nd6
33. a4 h5 34. Kd4 Ke6 35. Bb4 Nf7 36. Bd2 Ne5 37. f4 Nf3+ 38. Kc3 Nxh2 39. Be3
Ng4 40. Bxb6 Nf6 41. Kb4 Nd5+ 42. Ka5 Nxb6 43. Kxb6 g5 44. Kc5 gxf4 45. Kd4
fxg3 46. Ke3 Kd5 47. Kf3 Kc4 48. Kxg3 Kb3 49. Kh4 Kxb2 50. Kxh5 Ka3 51. a5 Ka4
52. Kg5 Kxa5 53. Kxf5 Kb4 54. Ke4 Kb3 55. Kd3 a5 56. Kd2 Kb2 57. Kd3 a4 58. Kc4
a3 59. Kb4 a2 60. Kc4 a1=Q 0-1

[Event "DEM U12/U12w 2000"]
[Site "Überlingen GER"]
[Date "2000.06.04"]
[Round "1"]
[White "Elstner, Eik"]
[Black "Zelba, Maurizio"]
[Result "0-1"]
[Termination "normal"]
[Board "6"]
[WhiteElo "1027"]
[BlackElo "1728"]
[PlyCount "100"]
[WhiteFideId "24605581"]
[BlackFideId "4677390"]
[EventCountry "GER"]
[EventRounds "11"]
[EventType "swiss"]
[EventDate "2000.06.03"]

1. d3 Nf6 2. e4 d6 3. f4 Nbd7 4. Nf3 e5 5. Nc3 Be7 6. g3 O-O 7. Bg2 Re8 8. O-O
b6 9. Bd2 Bb7 10. Qe2 Bf8 11. h3 d5 12. fxe5 Nxe5 13. Bg5 Bc5+ 14. Kh2 h6 15.
Nxe5 hxg5 16. Nf3 g4 17. Nd2 gxh3 18. Bxh3 Bc8 19. Bxc8 Qxc8 20. Rh1 Ng4+ 21.
Kg2 Ne3+ 22. Kh2 Re6 23. Rac1 Rh6+ 24. Kg1 Nxc2+ 25. Kg2 Ne3+ 26. Kg1 Rxh1+ 27.
Kxh1 Qh3+ 28. Qh2 Qxh2+ 29. Kxh2 Ng4+ 30. Kg2 Be3 31. Rc2 d4 32. Nd5 Bg5 33.
Kf3 Ne5+ 34. Ke2 c6 35. Nf4 Bxf4 36. gxf4 Ng6 37. Kf3 c5 38. Rc4 a5 39. a3 f6
40. f5 Ne5+ 41. Ke2 Nxc4 42. Nxc4 b5 43. Nd6 Rb8 44. Kd2 a4 45. Kc2 Kf8 46. e5
fxe5 47. Ne4 c4 48. dxc4 bxc4 49. Nd6 d3+ 50. Kc3 Rb3+ 0-1

[Event "DEM U12/U12w 2000"]
[Site "Überlingen GER"]
[Date "2000.06.04"]
[Round "1"]
[White "Frübing, Stefan"]
[Black "Ehrhardt, Eric"]
[Result "1/2-1/2"]
[Termination "normal"]
[Board "7"]
[WhiteElo "1724"]
[BlackElo "1022"]
[PlyCount "92"]
[WhiteFideId "4682165"]
[BlackFideId "24602450"]
[EventCountry "GER"]
[EventRounds "11"]
[EventType "swiss"]
[EventDate "2000.06.03"]

1. d4 Nf6 2. c4 e6 3. Nf3 Bb4+ 4. Nc3 O-O 5. Qc2 c5 6. a3 Qa5 7. Bd2 cxd4 8.
Nxd4 Bxc3 9. Bxc3 Qb6 10. e3 e5 11. Nf3 d6 12. Be2 Nc6 13. O-O Bg4 14. h3 Bh5
15. Rad1 Rfd8 16. b4 Rac8 17. Qa4 Rd7 18. Rfe1 a6 19. Ba1 Qd8 20. Qb3 Qe7 21.
Nd2 Bxe2 22. Rxe2 d5 23. cxd5 Rxd5 24. Nf3 Rxd1+ 25. Qxd1 Rd8 26. Rd2 Rxd2 27.
Qxd2 h6 28. Bc3 Ne4 29. Qc2 Nxc3 30. Qxc3 e4 31. Nd4 Qe5 32. Ne2 Qxc3 33. Nxc3
f5 34. Na4 b5 35. Nc3 Ne7 36. Kf1 Kf7 37. Ke2 Ke6 38. Kd2 Nd5 39. Nxd5 Kxd5 40.
Kc3 Ke5 41. Kb3 Kd5 42. g3 g6 43. Kc3 Ke5 44. Kb3 Kd5 45. Kc3 Ke5 46. Kb3 Kd5
1/2-1/2

[Event "DEM U12/U12w 2000"]
[Site "Überlingen GER"]
[Date "2000.06.04"]
[Round "1"]
[White "Großmann, Susan"]
[Black "Behm, Simon"]
[Result "0-1"]
[Termination "normal"]
[Board "8"]
[WhiteElo "1022"]
[BlackElo "1712"]
[PlyCount "52"]
[WhiteFideId "24608220"]
[BlackFideId "4691962"]
[EventCountry "GER"]
[EventRounds "11"]
[EventType "swiss"]
[EventDate "2000.06.03"]

1. e4 c6 2. d4 d5 3. e5 Bf5 4. Nc3 e6 5. Bd3 Bxd3 6. Qxd3 Nd7 7. Be3 Ne7 8. f4
Nf5 9. Nf3 Nxe3 10. Qxe3 c5 11. O-O-O cxd4 12. Nxd4 Be7 13. Rhe1 Nb6 14. g4 Nc4
15. Qd3 Qb6 16. Nb3 a5 17. Qd4 Qc6 18. Nd2 Bc5 19. Qd3 b5 20. Nxc4 bxc4 21. Qe2
Rb8 22. b3 Ba3+ 23. Kb1 cxb3 24. Qe3 bxc2+ 25. Kxc2 Rb2+ 26. Kd3 Qc4# 0-1

[Event "DEM U12/U12w 2000"]
[Site "Überlingen GER"]
[Date "2000.06.04"]
[Round "1"]
[White "Brener, Ilja"]
[Black "Herkt, Julia"]
[Result "1-0"]
[Termination "normal"]
[Board "9"]
[WhiteElo "1701"]
[BlackElo "1015"]
[PlyCount "91"]
[WhiteFideId "4688201"]
[EventCountry "GER"]
[EventRounds "11"]
[EventType "swiss"]
[EventDate "2000.06.03"]

1. d4 d5 2. c4 e6 3. Nc3 Nf6 4. cxd5 exd5 5. Bg5 Be7 6. e3 O-O 7. Bd3 Nc6 8. a3
a6 9. Qc2 g6 10. Nge2 b5 11. Nxb5 axb5 12. Qxc6 Bd7 13. Qc1 c6 14. O-O Qc7 15.
Nf4 h6 16. Bxf6 Bxf6 17. Nxd5 Qd6 18. Nxf6+ Qxf6 19. Qd2 Qg5 20. Qe2 Bg4 21. f3
Bh3 22. f4 Qg4 23. Rf3 Rfe8 24. Rxh3 Qxe2 25. Bxe2 h5 26. Rf1 Re7 27. Kf2 Rae8
28. Bd1 Re6 29. Re1 Kg7 30. Rg3 Kf6 31. Rg5 Ke7 32. Bb3 Rf6 33. Re5+ Kd7 34.
Rxe8 Kxe8 35. Kf3 Kd7 36. e4 g5 37. f5 Kc7 38. Rc1 Kb6 39. Ke3 Kb7 40. Bc2 Kb6
41. e5 Rh6 42. Be4 h4 43. Rxc6+ Rxc6 44. Bxc6 Kxc6 45. Ke4 g4 46. f6 1-0

[Event "DEM U12/U12w 2000"]
[Site "Überlingen GER"]
[Date "2000.06.04"]
[Round "1"]
[White "Muelenz, Claudius"]
[Black "Bäumler, Ilja"]
[Result "0-1"]
[Termination "normal"]
[Board "10"]
[WhiteElo "1015"]
[BlackElo "1687"]
[PlyCount "94"]
[BlackFideId "4681070"]
[EventCountry "GER"]
[EventRounds "11"]
[EventType "swiss"]
[EventDate "2000.06.03"]

1. d4 Nf6 2. c4 g6 3. Nc3 Bg7 4. Nf3 O-O 5. e4 d6 6. Be3 Nbd7 7. Be2 e5 8. d5
Ng4 9. Bg5 f6 10. Bh4 h5 11. h3 Nh6 12. O-O Qe7 13. Nb5 Nc5 14. Nc3 a5 15. a3
a4 16. Nd2 g5 17. Bg3 g4 18. hxg4 Nxg4 19. Bxg4 hxg4 20. Qe2 Bh6 21. Rae1 Qg7
22. Bh4 Qh7 23. g3 f5 24. f4 exf4 25. exf5 Bxf5 26. gxf4 Bd3 27. Qxg4+ Kh8 28.
Re7 Qf5 29. Qxf5 Rxf5 30. Rf2 Rg8+ 31. Kh1 Rh5 32. Nf3 Bxf4 33. Ne2 Bg5 34.
Nxg5 Rxh4+ 35. Rh2 Rxh2+ 36. Kxh2 Rxg5 37. Ng3 Rg7 38. Re8+ Kh7 39. Nh5 Rf7 40.
Rc8 Bxc4 41. Re8 Bxd5 42. Ng3 Rf2+ 43. Kh3 Be6+ 44. Kh4 Rf4+ 45. Kg5 Rg4+ 46.
Kh5 Rxg3 47. Re7+ Rg7 0-1

[Event "DEM U12/U12w 2000"]
[Site "Überlingen GER"]
[Date "2000.06.04"]
[Round "1"]
[White "Wenger, Carsten"]
[Black "Dathe, Fabian"]
[Result "1-0"]
[Termination "normal"]
[Board "11"]
[WhiteElo "1567"]
[BlackElo "1004"]
[PlyCount "171"]
[EventCountry "GER"]
[EventRounds "11"]
[EventType "swiss"]
[EventDate "2000.06.03"]

1. e4 e5 2. Nf3 Nc6 3. Nc3 Nf6 4. Bb5 d6 5. d4 exd4 6. Nxd4 Bd7 7. O-O Be7 8.
Re1 Ne5 9. Nf5 O-O 10. Nxe7+ Qxe7 11. Bg5 c6 12. Ba4 h6 13. Bh4 Rad8 14. Qd4 c5
15. Qe3 Bxa4 16. Nxa4 Rfe8 17. Nc3 g5 18. Bg3 Nc4 19. Qe2 Ne5 20. Rad1 Rd7 21.
Nd5 Nxd5 22. Rxd5 Qe6 23. Red1 f6 24. Qh5 Kg7 25. Qe2 Nf7 26. f3 Red8 27. Qd3
Ne5 28. Qb3 Nf7 29. Qa4 a6 30. Bf2 Ne5 31. Be1 Nc6 32. Qb3 Kh7 33. Qd3 Kg7 34.
a3 Kf7 35. b3 Kg7 36. Qc4 Kh7 37. Rxc5 Qxc4 38. Rxc4 Ne5 39. Rcd4 Kg7 40. Ba5
Rc8 41. c4 Rc6 42. Bb4 Nf7 43. Kf2 b5 44. Kg3 a5 45. Be1 Nd8 46. Kg4 Kg6 47.
Bf2 Ne6 48. R4d2 Nf4 49. Be3 Ne6 50. h4 h5+ 51. Kh3 Nf4+ 52. Bxf4 gxf4 53. a4
bxc4 54. bxc4 Rxc4 55. Rxd6 Rxd6 56. Rxd6 Rxa4 57. Rb6 Ra3 58. Rb5 Ra1 59. Kh2
Rc1 60. Rf5 Rc4 61. Rxf4 Rc5 62. Kg3 Re5 63. Kf2 f5 64. Rxf5 Rxf5 65. exf5+
Kxf5 66. Ke3 Ke5 67. g4 hxg4 68. fxg4 Kf6 69. Kf4 Kg6 70. Ke5 Kf7 71. Kf5 Kg7
72. g5 Kf7 73. h5 Kg7 74. Ke6 Kg8 75. Ke7 Kg7 76. h6+ Kh7 77. Kf7 Kh8 78. h7
Kxh7 79. g6+ Kh6 80. g7 Kh5 81. g8=Q Kh4 82. Kf6 Kh3 83. Kf5 Kh2 84. Kf4 Kh1
85. Kf3 Kh2 86. Qg2# 1-0

[Event "DEM U12/U12w 2000"]
[Site "Überlingen GER"]
[Date "2000.06.04"]
[Round "1"]
[White "Glowna, Uwe"]
[Black "Feuerstack, Aljoscha"]
[Result "0-1"]
[Termination "normal"]
[Board "12"]
[WhiteElo "1001"]
[BlackElo "1543"]
[PlyCount "82"]
[BlackFideId "4681932"]
[EventCountry "GER"]
[EventRounds "11"]
[EventType "swiss"]
[EventDate "2000.06.03"]

1. e4 c5 2. Nf3 e6 3. d4 cxd4 4. Nxd4 a6 5. Nc3 Qc7 6. Qd3 Nf6 7. Be2 Bb4 8.
Bd2 O-O 9. a3 Be7 10. O-O Nc6 11. Bg5 Ng4 12. Bxg4 Bxg5 13. Nxc6 dxc6 14. Rfd1
Rd8 15. Qe2 b5 16. Rxd8+ Bxd8 17. Rd1 Bb7 18. Qd3 c5 19. Bf3 g6 20. Qd7 Bc6 21.
Qxc7 Bxc7 22. b4 Be5 23. Rd3 c4 24. Re3 Bd4 25. e5 Bxf3 26. Rxf3 Bxe5 27. a4
Bxc3 28. Rxc3 bxa4 29. Ra3 Rd8 30. Kf1 Rd2 31. Rxa4 Rxc2 32. Rxa6 Rb2 33. Rb6
Kg7 34. Ke1 Kf6 35. Rb5 e5 36. g4 Ke6 37. Rb6+ Kd5 38. Rb5+ Kd4 39. h4 c3 40.
Rb7 Kd3 41. Rxf7 Rb1# 0-1

[Event "DEM U12/U12w 2000"]
[Site "Überlingen GER"]
[Date "2000.06.04"]
[Round "1"]
[White "Boss, Igor"]
[Black "Opaska, Ines"]
[Result "1-0"]
[Termination "normal"]
[Board "13"]
[WhiteElo "1540"]
[BlackElo "990"]
[PlyCount "161"]
[EventCountry "GER"]
[EventRounds "11"]
[EventType "swiss"]
[EventDate "2000.06.03"]

1. d4 Nf6 2. c3 b6 3. Bf4 Bb7 4. Nd2 e6 5. Ngf3 Be7 6. h3 O-O 7. e3 d6 8. Qc2
Nbd7 9. Bd3 c5 10. O-O Rc8 11. Bg5 h6 12. Bxf6 Nxf6 13. dxc5 bxc5 14. Be2 Qc7
15. Rfd1 Rfd8 16. Nc4 Rd7 17. Na3 a6 18. Nc4 Rb8 19. a4 Bc6 20. a5 Bb5 21. Nb6
Rdd8 22. Bxb5 axb5 23. c4 Nd7 24. Nxd7 Qxd7 25. cxb5 Qxb5 26. Ra2 Ra8 27. Qa4
Qxa4 28. Rxa4 Rdb8 29. Rb1 Rb5 30. a6 Rb6 31. b4 cxb4 32. Raxb4 Rbxa6 33. Rb8+
Rxb8 34. Rxb8+ Kh7 35. Rb7 Bf6 36. Rxf7 Kg6 37. Rd7 Kf5 38. Kh2 d5 39. Kg3 g5
40. Ng1 Be5+ 41. Kf3 h5 42. g4+ hxg4+ 43. hxg4+ Kf6 44. Rd8 Ra7 45. Rh8 Rf7 46.
Kg2 Kg6 47. Re8 Kf6 48. Nf3 Bc7 49. Rg8 Rg7 50. Rxg7 Kxg7 51. Nxg5 Kf6 52. Nh3
e5 53. f3 d4 54. exd4 exd4 55. Kf2 Bd8 56. Ke2 Ke5 57. Kd3 Bf6 58. f4+ Ke6 59.
Ng1 Kf7 60. Nf3 Kg6 61. Nxd4 Kh6 62. Ne6 Kg6 63. Ke4 Be7 64. f5+ Kf7 65. g5 Kg8
66. f6 Bxf6 67. gxf6 Kf7 68. Kf5 Kg8 69. Kg6 Kh8 70. Ng5 Kg8 71. f7+ Kf8 72.
Nh7+ Ke7 73. f8=Q+ Ke6 74. Qf5+ Kd6 75. Kf6 Kc7 76. Ke6 Kd8 77. Qf7 Kc8 78. Kd6
Kb8 79. Kc6 Ka8 80. Kb6 Kb8 81. Qb7# 1-0

[Event "DEM U12/U12w 2000"]
[Site "Überlingen GER"]
[Date "2000.06.04"]
[Round "1"]
[White "Varbelow, Richard"]
[Black "Siebarth, Raiko"]
[Result "0-1"]
[Termination "normal"]
[Board "14"]
[WhiteElo "968"]
[BlackElo "1488"]
[PlyCount "60"]
[BlackFideId "4674766"]
[EventCountry "GER"]
[EventRounds "11"]
[EventType "swiss"]
[EventDate "2000.06.03"]

1. e4 c5 2. Nf3 d6 3. d4 cxd4 4. Nxd4 Nf6 5. Nc3 a6 6. g3 e5 7. Nf3 Be7 8. Bg2
Be6 9. O-O b5 10. a3 O-O 11. Re1 h6 12. Nd5 Bxd5 13. exd5 Nbd7 14. Be3 Rc8 15.
b4 Nb6 16. Bxb6 Qxb6 17. Rc1 Rc3 18. Ra1 Rfc8 19. Ra2 Qc7 20. Bh3 Qc4 21. Bxc8
Qxa2 22. Bxa6 Qxa3 23. Bxb5 Qxb4 24. Qd2 Qc5 25. Bd3 Nxd5 26. Rc1 Nb4 27. h4
Nxd3 28. Ra1 Rxc2 29. Qxd3 Qxf2+ 30. Kh1 Qg2# 0-1

[Event "DEM U12/U12w 2000"]
[Site "Überlingen GER"]
[Date "2000.06.04"]
[Round "1"]
[White "Rehberg, Raphael"]
[Black "Stelter, Christoph"]
[Result "1-0"]
[Termination "normal"]
[Board "15"]
[WhiteElo "1483"]
[BlackElo "959"]
[PlyCount "51"]
[WhiteFideId "4686799"]
[EventCountry "GER"]
[EventRounds "11"]
[EventType "swiss"]
[EventDate "2000.06.03"]

1. e4 e6 2. d4 d5 3. exd5 exd5 4. Nf3 Bd6 5. c4 c6 6. Nc3 Ne7 7. Bg5 Nd7 8. Be2
O-O 9. O-O Qc7 10. c5 Nxc5 11. dxc5 Bxc5 12. Rc1 Re8 13. Re1 Bd6 14. Bxe7 Rxe7
15. Nxd5 Qd8 16. Nxe7+ Qxe7 17. Bd3 Be6 18. Bf5 Rd8 19. Qc2 Bb4 20. Red1 Bd5
21. Bxh7+ Kf8 22. Be4 Rd7 23. Bxd5 cxd5 24. Qh7 f6 25. Rc8+ Rd8 26. Qh8+ 1-0

[Event "DEM U12/U12w 2000"]
[Site "Überlingen GER"]
[Date "2000.06.04"]
[Round "1"]
[White "Mader, Michael"]
[Black "Blome, Thomas"]
[Result "0-1"]
[Termination "normal"]
[Board "16"]
[WhiteElo "949"]
[BlackElo "1465"]
[PlyCount "150"]
[WhiteFideId "4696913"]
[EventCountry "GER"]
[EventRounds "11"]
[EventType "swiss"]
[EventDate "2000.06.03"]

1. e4 c5 2. Nf3 Nc6 3. d4 cxd4 4. Nxd4 d6 5. Nc3 g6 6. Be3 Bg7 7. Nxc6 bxc6 8.
Qd2 Nf6 9. O-O-O Bd7 10. f3 O-O 11. h4 Qa5 12. a3 Rab8 13. Ne2 Qxd2+ 14. Rxd2
Rb7 15. Nd4 c5 16. Nb3 Be6 17. e5 Bxb3 18. cxb3 dxe5 19. Bc4 Rc7 20. g4 e6 21.
h5 Nd7 22. hxg6 hxg6 23. Rdh2 Nb6 24. Bh6 Nxc4 25. bxc4 Rfc8 26. g5 Bxh6 27.
Rxh6 Kf8 28. Re1 Ke7 29. Rxe5 Rd8 30. Re1 Rd4 31. Re4 Rcd7 32. Rhh4 Rd3 33.
Rhf4 a5 34. Re1 a4 35. Rh1 R3d4 36. Rxd4 Rxd4 37. Kc2 Rxc4+ 38. Kd3 Rf4 39. Ke3
Rf5 40. Rg1 Kd6 41. Rg4 Kc6 42. Rxa4 Rxg5 43. f4 Rf5 44. Re4 Kd5 45. a4 e5 46.
fxe5 Rxe5 47. Rxe5+ Kxe5 48. a5 Kd6 49. Kf4 f6 50. a6 Kc7 51. Ke4 Kb6 52. Kd5
Kxa6 53. Kxc5 Kb7 54. Kd4 Kb6 55. Kd5 Kb5 56. Ke6 g5 57. Kf5 Kb4 58. b3 Kxb3
59. Kg4 Kc4 60. Kf5 Kd5 61. Kg4 Ke4 62. Kg3 f5 63. Kf2 f4 64. Ke2 f3+ 65. Kf2
g4 66. Kf1 Ke3 67. Ke1 f2+ 68. Kf1 g3 69. Kg2 Ke2 70. Kxg3 f1=Q 71. Kg4 Ke3 72.
Kg5 Ke4 73. Kg4 Qg2+ 74. Kh4 Kf5 75. Kh5 Qh1# 0-1

[Event "DEM U12/U12w 2000"]
[Site "Überlingen GER"]
[Date "2000.06.04"]
[Round "1"]
[White "Ollenberger, Roland"]
[Black "Brehmer, Johann Hinrich"]
[Result "1-0"]
[Termination "normal"]
[Board "17"]
[WhiteElo "1457"]
[BlackElo "941"]
[PlyCount "105"]
[WhiteFideId "24608440"]
[EventCountry "GER"]
[EventRounds "11"]
[EventType "swiss"]
[EventDate "2000.06.03"]

1. e4 e5 2. Nf3 Nc6 3. Bb5 a6 4. Bxc6 dxc6 5. O-O Bd6 6. d4 exd4 7. Qxd4 f6 8.
Re1 Be5 9. Qxd8+ Kxd8 10. Nxe5 fxe5 11. Bg5+ Ne7 12. Nd2 h6 13. Be3 Be6 14.
Rad1 Ke8 15. Nf3 Ng6 16. h3 Rd8 17. Kh2 Kf7 18. Bd2 Kf6 19. Bc3 b6 20. Nxe5
Nxe5 21. f4 Kg6 22. Bxe5 Rc8 23. f5+ Bxf5 24. exf5+ Kxf5 25. Bxg7 Rh7 26. Bc3
Rf7 27. Rf1+ Kg6 28. Rxf7 Kxf7 29. Rf1+ Ke7 30. Rf6 h5 31. Rxc6 Kd7 32. Rh6 Rf8
33. Rxh5 Rf2 34. Rh7+ Kd6 35. h4 Ke6 36. Rxc7 Rxc2 37. Rc6+ Kf5 38. Rxb6 Re2
39. Rxa6 Re4 40. Rf6+ Kg4 41. Bd2 Re2 42. Rf4+ Kh5 43. Bc3 Re6 44. a4 Ra6 45.
a5 Ra7 46. Rf6 Rd7 47. a6 Rd3 48. a7 Rg3 49. Rh6+ Kg4 50. Rg6+ Kh5 51. Rxg3
Kxh4 52. a8=R Kh5 53. Rh8# 1-0

[Event "DEM U12/U12w 2000"]
[Site "Überlingen GER"]
[Date "2000.06.04"]
[Round "1"]
[White "Butschek, Tanja"]
[Black "Babczyk, Adrian"]
[Result "0-1"]
[Termination "normal"]
[Board "18"]
[WhiteElo "932"]
[BlackElo "1407"]
[PlyCount "122"]
[WhiteFideId "24604640"]
[BlackFideId "24608700"]
[EventCountry "GER"]
[EventRounds "11"]
[EventType "swiss"]
[EventDate "2000.06.03"]

1. e4 e6 2. d4 d5 3. exd5 exd5 4. Nf3 Bd6 5. h3 Nf6 6. Bg5 O-O 7. Be2 Bf5 8.
O-O Nbd7 9. c3 h6 10. Bh4 c6 11. Bd3 Bxd3 12. Qxd3 Qb6 13. Nbd2 Rfe8 14. Nb3
Ne4 15. Nbd2 Rab8 16. b3 g5 17. c4 gxh4 18. c5 Bxc5 19. dxc5 Ndxc5 20. Qd4 Nd7
21. Nxe4 Qxd4 22. Nxd4 Rxe4 23. Nf5 Kh7 24. Rfe1 Nc5 25. Nd6 Rxe1+ 26. Rxe1 Rd8
27. Nxf7 Rd7 28. Ne5 Re7 29. Nf3 Rxe1+ 30. Nxe1 Ne4 31. Nf3 Nc3 32. a4 Ne2+ 33.
Kf1 Nc1 34. b4 Na2 35. b5 cxb5 36. axb5 Nc3 37. Nd4 Kg6 38. Ke1 Kf6 39. Kd2
Ne4+ 40. Ke3 Nd6 41. Kf4 Ne8 42. Nf5 Nc7 43. Nd4 Ne6+ 44. Ke3 Nxd4 45. Kxd4 Ke6
46. f4 a6 47. b6 a5 48. Kc5 a4 49. f5+ Kxf5 50. Kd6 a3 51. Kc7 a2 52. Kxb7 a1=Q
53. Kb8 d4 54. b7 d3 55. Kc7 d2 56. Kb8 Qh8+ 57. Ka7 d1=Q 58. g4+ hxg3 59. h4
Qa4+ 60. Kb6 Qd8+ 61. Kc5 Qdd4# 0-1

[Event "DEM U12/U12w 2000"]
[Site "Überlingen GER"]
[Date "2000.06.04"]
[Round "1"]
[White "Köhn, Kai-Uwe"]
[Black "Reichel, Matti"]
[Result "1-0"]
[Termination "normal"]
[Board "19"]
[WhiteElo "1389"]
[BlackElo "921"]
[PlyCount "87"]
[EventCountry "GER"]
[EventRounds "11"]
[EventType "swiss"]
[EventDate "2000.06.03"]

1. d4 d5 2. c4 e6 3. Nc3 Nf6 4. Bg5 Be7 5. e3 O-O 6. Bd3 Nbd7 7. Nf3 b6 8. O-O
c5 9. Qe2 Bb7 10. Rac1 h6 11. Bh4 Nh7 12. Bg3 Ng5 13. cxd5 exd5 14. Na4 c4 15.
Bb1 Bc6 16. Nc3 b5 17. e4 dxe4 18. Bxe4 Nxe4 19. Nxe4 f5 20. Nc5 Bxf3 21. Qe6+
Rf7 22. Nxd7 Bg5 23. Rce1 Bxg2 24. Kxg2 Qxd7 25. Qe5 f4 26. h4 fxg3 27. hxg5
gxf2 28. Rxf2 Qg4+ 29. Qg3 Rxf2+ 30. Kxf2 Qxd4+ 31. Kf1 Rf8+ 32. Kg2 Qxb2+ 33.
Kh1 Qd2 34. gxh6 Qxh6+ 35. Kg1 Qb6+ 36. Kh1 b4 37. Re7 Qc6+ 38. Kh2 Qh6+ 39.
Kg1 Qc1+ 40. Kh2 Qb2+ 41. Kg1 Qb1+ 42. Kg2 Qxa2+ 43. Kh3 Qc2 44. Qxg7# 1-0

[Event "DEM U12/U12w 2000"]
[Site "Überlingen GER"]
[Date "2000.06.04"]
[Round "1"]
[White "Goedeke-Tort, Maheba"]
[Black "Mijatovic, Vladimir"]
[Result "0-1"]
[Termination "normal"]
[Board "20"]
[WhiteElo "916"]
[BlackElo "1389"]
[PlyCount "74"]
[BlackFideId "934062"]
[EventCountry "GER"]
[EventRounds "11"]
[EventType "swiss"]
[EventDate "2000.06.03"]

1. e4 c5 2. Nf3 d6 3. Bc4 e6 4. Nc3 a6 5. d3 Nc6 6. O-O Be7 7. Re1 b5 8. Bb3
Bd7 9. a3 Qc7 10. Bf4 Rc8 11. Qd2 Bf6 12. Bg5 Nd4 13. Nxd4 Bxd4 14. Be3 Nf6 15.
Bxd4 cxd4 16. Ne2 e5 17. f4 a5 18. Rac1 O-O 19. c3 dxc3 20. Rxc3 Qb6+ 21. Kh1
Ng4 22. h3 Nf6 23. fxe5 dxe5 24. Ng3 b4 25. Rxc8 Rxc8 26. Bc4 Qd6 27. axb4 Rxc4
28. Rd1 Rxb4 29. Nf5 Bxf5 30. exf5 h6 31. Qc3 Ne4 32. Qc8+ Kh7 33. Kg1 Qd4+ 34.
Kh2 Rxb2 35. Qc1 Rxg2+ 36. Kh1 Qf2 37. Qxh6+ Kxh6 0-1

[Event "DEM U12/U12w 2000"]
[Site "Überlingen GER"]
[Date "2000.06.04"]
[Round "1"]
[White "Cara, Bogdan"]
[Black "Müller, Christian"]
[Result "1-0"]
[Termination "normal"]
[Board "21"]
[WhiteElo "1376"]
[BlackElo "914"]
[PlyCount "75"]
[EventCountry "GER"]
[EventRounds "11"]
[EventType "swiss"]
[EventDate "2000.06.03"]

1. e4 e5 2. Nf3 Nc6 3. Bc4 Be7 4. O-O Nf6 5. Nc3 d6 6. Re1 Bg4 7. Be2 O-O 8. d4
Bxf3 9. gxf3 Nxd4 10. Kh1 Nxe2 11. Qxe2 Nh5 12. Rg1 Bf6 13. Nd5 g6 14. Qc4 Rc8
15. Qb4 b6 16. Bh6 Bg7 17. Bd2 f5 18. exf5 Rxf5 19. Qb3 Kh8 20. Raf1 Qg8 21.
Ne7 Qf8 22. Nxc8 Qxc8 23. Qd5 Qf8 24. Qb7 Rxf3 25. Qxc7 Qa8 26. Rg2 e4 27. b3
Bd4 28. Kg1 Qf8 29. a4 e3 30. Bc3 Bxc3 31. Qxc3+ Kg8 32. Qc4+ Kh8 33. Qd4+ Kg8
34. Qc4+ Kh8 35. fxe3 d5 36. Qd4+ Ng7 37. Rxf3 Qxf3 38. Rf2 1-0

[Event "DEM U12/U12w 2000"]
[Site "Überlingen GER"]
[Date "2000.06.04"]
[Round "1"]
[White "Rath, Alina"]
[Black "Fervers, Lukas"]
[Result "0-1"]
[Termination "normal"]
[Board "22"]
[WhiteElo "912"]
[BlackElo "1359"]
[PlyCount "58"]
[WhiteFideId "24607886"]
[EventCountry "GER"]
[EventRounds "11"]
[EventType "swiss"]
[EventDate "2000.06.03"]

1. c4 f5 2. d4 e6 3. g3 Nf6 4. Bg2 c6 5. Nc3 d5 6. cxd5 cxd5 7. Bf4 Bd7 8. Nf3
Bc6 9. a3 Bd6 10. Bxd6 Qxd6 11. Qd2 Nbd7 12. e3 O-O 13. O-O Ne4 14. Nxe4 fxe4
15. Ng5 Bb5 16. Rfc1 Nb6 17. Bf1 Bxf1 18. Rxf1 Nc4 19. Qe2 h6 20. Nh3 e5 21.
dxe5 Nxe5 22. Nf4 g5 23. Ng2 Qe6 24. Qh5 Rac8 25. Ne1 Nc4 26. Kg2 Qf6 27. Qd1
Nxe3+ 28. Kg1 Nxd1 29. Rxd1 e3 0-1

[Event "DEM U12/U12w 2000"]
[Site "Überlingen GER"]
[Date "2000.06.04"]
[Round "1"]
[White "Abel, Dennes"]
[Black "Donners, Ricardo"]
[Result "1-0"]
[Termination "normal"]
[Board "23"]
[WhiteElo "1348"]
[BlackElo "884"]
[PlyCount "69"]
[WhiteFideId "24605417"]
[EventCountry "GER"]
[EventRounds "11"]
[EventType "swiss"]
[EventDate "2000.06.03"]

1. d4 d5 2. c4 e5 3. dxe5 d4 4. Nf3 c5 5. e3 Nc6 6. exd4 cxd4 7. Bd3 f6 8. exf6
Nxf6 9. O-O Be7 10. Re1 O-O 11. a3 a5 12. Qb3 Kh8 13. Bf4 Ng4 14. Bg3 Bd6 15.
Nbd2 Bxg3 16. hxg3 a4 17. Qc2 h6 18. Re2 Re8 19. Rae1 Rxe2 20. Rxe2 Nf6 21. Nh4
Bg4 22. f3 Bh5 23. Ng6+ Bxg6 24. Bxg6 Qd6 25. f4 Ne7 26. Bd3 Ng4 27. c5 Qd7 28.
Nc4 Nd5 29. Bf5 Qd8 30. Nd6 Nde3 31. Qd3 Qf6 32. Bxg4 Nxg4 33. Re4 Qg6 34. f5
Qg5 35. Nf7+ 1-0